| 000 | 00514nam a2200169 a 4500 | ||
|---|---|---|---|
| 005 | 20260421160644.0 | ||
| 008 | 260408s2026##################000#0#eng## | ||
| 020 | _a9780406000247 | ||
| 082 | 0 | 4 | _a348.4204 BRI |
| 100 | _aBridgman, G. F. L. | ||
| 245 | 1 | 0 |
_aTHE All England Law Reports Reprint: Revised and Annotated; 1914 - 1915 _c/G. F. L. Bridgman |
| 250 | _a1st ed.Reprint | ||
| 260 |
_aLondon: _b Butterworth, _c2006. |
||
| 300 |
_a718p. _c;23cm. |
||
| 650 | _aLaws, regulations & cases | ||
| 942 | _cENGLISH | ||
| 999 |
_c619171 _d619171 |
||